Paese dal suo parlamento - Statistics

Statistiche generali
  • Questo quiz è stato fatto 17 volte
  • Il punteggio medio è 9 su 14
Statistiche sulle risposte
con Immagini Risposta % Corretto
Italia
94%
Regno Unito
88%
Spagna
88%
Stati Uniti
88%
Francia
81%
Cina
75%
Irlanda
63%
Australia
56%
Brasile
56%
India
56%
Sudafrica
50%
Iran
44%
Israele
38%
Tuvalu
6%
Nessun quiz corrispondente trovato
Distribuzione punteggi
Percentuale di utenti per punteggio
Percentile per numero di risposta
I tuoi punteggi nel tempo
Non hai fatto questo quiz